| 000 | 00612nam a2200205Ia 4500 | ||
|---|---|---|---|
| 003 | GCL | ||
| 008 | 140319s9999 xx 000 0 ara d | ||
| 040 |
_aGCL / _cGCL |
||
| 082 | 0 | 4 |
_a621.380422 _bأ س |
| 100 | 1 | _aسراج محمد محمد | |
| 245 | 1 | 0 |
_aالاستشعار عن بعد / _cسراج محمد محمد |
| 300 | _a127 ص | ||
| 490 |
_aالعلم والحياة _v0 |
||
| 650 | 0 | 4 | _aالفضاء |
| 650 | 0 | 4 | _aالجيومورفولوجيا |
| 650 | 0 | 4 | _aالتصوير الجوى |
| 650 | 0 | 4 | _aالاقمار الصناعية |
| 650 | 0 | 4 | _aالاستشعار عن بعد |
| 942 |
_2ddc _cBK |
||
| 999 |
_c37596 _d37596 |
||